Precizovanie auditorských zmlúv o daňovú doložku

Odporúčania podnikateľom uzatvárať s auditorskými firmami korektné zmluvy o audite a v rámci zmluvy vyžadovať tzv. daňovú doložku, t.j. správnosť overenia účtovnej závierky.

Enregistré dans:
Détails bibliographiques
Auteur principal: Burák, Emil
Format: Chapitre de livre
Langue:slovaque
Sujets:
Tags: Ajouter un tag
Pas de tags, Soyez le premier à ajouter un tag!

MARC

LEADER 00000naa a2200000 4500
001 r047229
005 20230927070909.4
041 0 |a slo 
044 |a SK 
245 1 0 |a Precizovanie auditorských zmlúv o daňovú doložku  |c Emil Burák 
520 |a Odporúčania podnikateľom uzatvárať s auditorskými firmami korektné zmluvy o audite a v rámci zmluvy vyžadovať tzv. daňovú doložku, t.j. správnosť overenia účtovnej závierky. 
610 2 0 |a audit 
610 2 0 |a audítori 
610 2 0 |a zodpovednosť hmotná 
610 2 0 |a riziko 
610 2 0 |a závierka účtovná konsolidovaná 
100 1 |a Burák, Emil